| 000 | 01139 a2200325 4500 | ||
|---|---|---|---|
| 999 |
_c200422069 _d39156 |
||
| 001 | 200422069 | ||
| 003 | TR-AnTOB | ||
| 005 | 20230602104620.0 | ||
| 008 | 150529s tu 000 0 | ||
| 020 | _a9789751627148 | ||
| 040 |
_aTR-AnTOB _btur _erda _cTR-AnTOB |
||
| 041 | 0 | _atur | |
| 050 | 0 | 0 |
_aDS248.M4 _bU98 1972 |
| 090 | _aDS248.M4 U98 1972 | ||
| 100 | 1 |
_aUzunçarşılı, İsmail Hakkı, _d1889-1977 _96959 |
|
| 245 | 1 | 0 |
_aMekke-i mükerreme emirleri / _cİsmail Hakkı Uzunçarşılı. |
| 264 |
_aAnkara : _bTürk Tarih Kurumu Basımevi, _c1972. |
||
| 300 |
_a177 p., _bfold. geneal. table ; _c24 cm. |
||
| 336 |
_atext _2rdacontent _btxt |
||
| 337 |
_aunmediated _2rdamedia _bn |
||
| 338 |
_avolume _2rdacarrier _bnc |
||
| 490 | 0 |
_aTürk Tarih Kurumu Yayınları ; _v VII.Dizi- sa. 59a |
|
| 504 | _aIncludes bibliographical references and index. | ||
| 650 | 0 |
_aMecca (Saudi Arabia) _xHistory _9106511 |
|
| 650 | 0 |
_aMecca (Saudi Arabia) _xBiography _9110891 |
|
| 650 | 0 |
_aMekke (Suudi Arabistan) - Biyografiler _xBiografi _9110890 |
|
| 651 | 0 | 7 |
_aMekke (Suudi Arabistan) _xTarih _2etuturkob _9106513 |
| 942 |
_cBK _2lcc |
||